General knowledge encyclopaedia / (Record no. 9103)
[ view plain ]
| 000 -LEADER | |
|---|---|
| fixed length control field | 00415cam a2200169ua 4500 |
| 041 ## - LANGUAGE CODE | |
| Language code of text/sound track or separate title | eng |
| 082 ## - DEWEY DECIMAL CLASSIFICATION NUMBER | |
| Classification number | 030 |
| Item number | BHA/GE |
| 100 ## - MAIN ENTRY--AUTHOR NAME | |
| Personal name | Bhatnagar, K B . |
| 245 ## - TITLE STATEMENT | |
| Title | General knowledge encyclopaedia / |
| 260 ## - PUBLICATION, DISTRIBUTION, ETC. (IMPRINT) | |
| Place of publication | Delhi : |
| Name of publisher | Malhotra brothers , |
| Year of publication | 1964. |
| 300 ## - PHYSICAL DESCRIPTION | |
| Number of Pages | 894 ; . |
| 942 ## - ADDED ENTRY ELEMENTS (KOHA) | |
| Koha item type | Books |
| Withdrawn status | Lost status | Damaged status | Home library | Current library | Date acquired | Full call number | Accession Number | Koha item type |
|---|---|---|---|---|---|---|---|---|
| KAUAET | KAUAET | 07/04/2012 | 030 | 4711 |
